000 00591nam a2200133Ia 4500
008 220615s9999||||xx |||||||||||||| ||und||
100 _aKarlinsky, Simon
245 0 _aFreedom from Violence and Lies
_bEssays on Russian Poetry and Music
546 _aEnglish[eng]
650 _aArts||Literary Criticism||Alexander Pushkin||Igor Stravinsky||Soviet Union
700 _aHughes, Robert P.||Koster, Thomas A.||Taruskin, Richard A.
856 _uhttps://library.oapen.org/bitstream/20.500.12657/30917/1/641424.pdf||https://library.oapen.org/bitstream/20.500.12657/30917/1/641424.pdf
942 _cEB
999 _c10463
_d10463